=LDR 00000nam 2200000 4500 =001 INLIS000000000001972 =005 20130612090340 =008 ***********************************Ind** =035 ##$$0010-061300000001972 =041 ##$$a Ind =082 ##$$a 720.284 =090 ##$$a 720.284, Sch p =100 ##$$a Schaawacher, Geong =245 ##$$a Perspektif untuk para arsitek, Geong Schaarwachter; diterjemahkan oleh Ir.Sri Pare Eni =260 ##$$a 1984 $b Jakarta =300 ##$$a 120 hlm, ilus, 25 cm =650 ##$$a Arsitektur =700 ##$$a Sri Pare Eni =850 ##$$a NBPNMAT